000 04130cam a22013094i 4500
003 PE-LiUPU
005 20250813185353.0
008 170609s2014 mx a rb 000 0 esp d
020 _a6074387230
020 _a9786074387230
035 _a(Sirsi) a204328
040 _aPE-LiUPU
_bspa
_cPE-LiUPU
_erda
049 _aPRUA
082 0 4 _a332
_bG22
_220
100 1 _aGarcía Padilla, Víctor Manuel,
_eautor.
245 1 0 _aIntroducción a las finanzas
_cVictor Manuel García Padilla.
250 _a2a. edición.
264 1 _aMéxico, D.F
_bGrupo Editorial Patria,
_c2014.
300 _ax, 344 páginas :
_bilustraciones ;
_c27 centimetros
336 _atext
_2rdacontent
337 _aunmediated
_2rdamedia
338 _avolume
_2rdacarrier
504 _aBibliografía : páginas 339-344.
505 0 _aFundamentos -- Tasas de interés -- Valor del dinero atravéz del tiempo -- Valuación de flujos de efectivo -- Estados financieros -- Mercados financieros -- Mercado de deuda -- Mercado de capitales -- Mercado de valores -- Mercado de derivados -- Mercado de divisas.
526 _aP202
526 _aP201
526 _aP163
526 _aP162
526 _aP161
526 _aP160
526 _aP148
526 _aP147
526 _aP146
526 _aP145
526 _aP144
526 _aP143
526 _aP142
526 _aP141
526 _aP140
526 _aP139
526 _aP138
526 _aP137
526 _aP136
526 _aP135
526 _aP134
526 _aP133
526 _aP129
526 _aP128
526 _aP127
526 _aP120
526 _aP119
526 _aP118
526 _aP116
526 _aP115
526 _aP114
526 _aP110
526 _aP109
526 _aP108
526 _aP104
526 _aP103
526 _aP102
526 _aP99
526 _aP98
526 _aP97
526 _aP96
526 _aP95
526 _aP93
526 _aP90
526 _aP89
526 _aP88
526 _aP83
526 _aP82
526 _aP62
526 _aP59
526 _aP58
526 _aP57
526 _aP51
526 _aP49
526 _aP48
526 _aP47
526 _aP29
526 _aP24
526 _aP20
526 _aP19
526 _aP17
526 _aP15
526 _aP14
526 _aP12
526 _aP10
526 _aP09
526 _aP08
526 _aP07
526 _aP06
526 _aP05
526 _aP04
526 _aP01
650 0 4 _aFinanzas.
_93938
650 7 _aEmpresas comerciales
_xFinanzas.
_2bidex
650 7 _aCompañías
_xFinanzas.
_2bidex
650 7 _aFinanzas
_xEnseñanza.
_2bidex
910 _ajck
_bjvq
_cjpc
_d2017069
942 _2ddc
_cBOOK
949 _a332 G22
_wDEWEY
_c1
_i76195
_lCATALOGING
_mBUL
_p18.00
_r0
_sY
_tBOOK
_u2017-06-9
_xFCE
_PP04
_0COMPRA
_o.CIRCNOTE. El documento es de alto precio.
_o.STAFF. Colección Ciencias Empresariales
949 _a332 G22
_wDEWEY
_c2
_i76196
_lCATALOGING
_mBUL
_p18.00
_r0
_sY
_tBOOK
_u2017-06-9
_xFCE
_PP04
_0COMPRA
_o.CIRCNOTE. El documento es de alto precio.
_o.STAFF. Colección Ciencias Empresariales
949 _a332 G22
_wDEWEY
_c3
_i76197
_lCATALOGING
_mBUL
_p18.00
_r0
_sY
_tBOOK
_u2017-06-9
_xFCE
_PP04
_0COMPRA
_o.CIRCNOTE. El documento es de alto precio.
_o.STAFF. Colección Ciencias Empresariales
994 _aC0
_bPEPRU
596 _a1
999 _a332 G22
_wLC
_c20694
_i76195
_d20694
_e2019-10-16
_f2021-11-5
_g4
_lCCODEBUL1
_mBUL
_n10
_p18.00
_r0
_sY
_tBOOK
_u2017-6-9
_xFCE
_PP04
_0COMPRA
_o.STAFF. Colección Ciencias Empresariales
999 _a332 G22
_wLC
_c2
_i76196
_d2018-11-5
_e2018-11-2
_f2021-11-5
_g4
_lCCODEBUL1
_mBUL
_n2
_p18.00
_r0
_sY
_tBOOK
_u2017-6-9
_xFCE
_PP04
_0COMPRA
_o.STAFF. Colección Ciencias Empresariales
999 _a332 G22
_wLC
_c3
_i76197
_d2018-3-18
_f2021-11-5
_g4
_lCCODEBUL1
_mBUL
_p18.00
_q1
_r0
_sY
_tBOOK
_u2017-6-9
_xFCE
_PP04
_0COMPRA
_o.STAFF. Colección Ciencias Empresariales
980 _81
_gALBERTO SANCHEZ Responsable de Automatización